| 000 | 00642nam a2200205Ia 4500 | ||
|---|---|---|---|
| 005 | 20250326144424.0 | ||
| 008 | 250326s9999 xx 000 0 und d | ||
| 020 | _a978-1-4221-2106-1 | ||
| 037 | _aTextbook | ||
| 040 |
_aFMSL _beng _cFMSL |
||
| 041 |
_aeng _2eng |
||
| 084 |
_aR4 P8 _qFMSL |
||
| 100 | _aHoward Ronald A | ||
| 245 | 0 |
_aEthics (for the real world)-creating a personal code to guide decisions in work and life _cHoward Ronald A; Korver Clinton D |
|
| 260 |
_aBoston _bBoston, Harvar Business press _c2008 |
||
| 300 | _a212p | ||
| 365 | _b1219.3064999999999 | ||
| 942 |
_cTB _hR4 P8 |
||
| 999 |
_c1303640 _d1303640 |
||